Problém implementácie Kanovho modelu v praxi

Požiadavky zákazníka a ich využitie pri riadení kvality na základe Kanovho modelu. Metódy a techniky vhodné na využitie v Kanovom modeli. Axiomatický návrh ako spôsob nachádzania prekvapujúcej kvality.

Saved in:
Bibliographic Details
Main Author: Kicáková, Katarína
Format: Book Chapter
Language:Slovak
Subjects:
Tags: Add Tag
No Tags, Be the first to tag this record!

MARC

LEADER 00000nla$a2200000$$$4500
001 0051064
005 20240502071607.3
041 0 |a slo 
044 |a SK 
245 1 0 |a Problém implementácie Kanovho modelu v praxi  |c Katarína Kicáková 
520 |a Požiadavky zákazníka a ich využitie pri riadení kvality na základe Kanovho modelu. Metódy a techniky vhodné na využitie v Kanovom modeli. Axiomatický návrh ako spôsob nachádzania prekvapujúcej kvality. 
610 2 0 |a kvalita výrobkov 
610 2 0 |a kvalita 
610 2 0 |a zákazníci 
610 2 0 |a spokojnosť zákazníkov 
610 2 0 |a normy kvality 
610 2 0 |a modely 
610 2 0 |a Kanov model 
610 2 0 |a metódy 
610 2 0 |a riadenie kvality 
100 1 |a Kicáková, Katarína